A história da sopeira e da concha (Record no. 152199)

MARC details
000 -LÍDER
campo de controle de tamanho fixo 00380 a2200145 4500
001 - NÚMERO DE CONTROLE
campo de controle 152199
040 ## - FONTE DA CATALOGAÇÃO
Instituição que transcreveu o registro Escola São Tomás de Aquino
100 ## - ENTRADA PRINCIPAL--NOME PESSOAL
Nome pessoal ENDE, Michel
240 10 - TÍTULO UNIFORME
Título uniforme A história da sopeira e da concha
Idioma da obra por
245 10 - TÍTULO
Título A história da sopeira e da concha
362 0# - DATAS DE PUBLICAÇÃO E/OU DESIGNAÇÃO SEQUENCIAL
Datas de publicação e/ou designação sequencial 2006
440 #1 - DECLARAÇÃO DE SÉRIE/ENTRADA ADICIONADA--TÍTULO
Título Moderna
697 ## - ENTRADA DE ASSUNTO LOCAL--ENTIDADE COLETIVA (RLIN)
Nome corporativo ou nome da jurisdição Contos de Fadas e Clássicos da Literatura
942 ## - ELEMENTOS DE ENTRADA ADICIONADOS (KOHA)
Tipo de material Koha Livros
Holdings
Situação do descarte Situação das perdas Situação física Não pode ser emprestado Biblioteca de origem Biblioteca atual Data de aquisição Total de empréstimos Número de chamada completo Código de barras Data de último acesso Data do preço efetivo Tipo de material Koha
        ESTA - SÃO BENTO ESTA - SÃO BENTO 30/04/2024   028.55 END HIS EST00006238 30/04/2024 30/04/2024 Livros